Ben Tracklist (Michael Jackson) - Statistics

General Stats
  • This quiz has been taken 7 times
  • The average score is 6 of 10
Answer Stats
Hint Answer % Correct
1 Ben
100%
5 Everybody's Somebody's Fool
60%
2 Greatest Show On Earth
60%
6 My Girl
60%
3 People Make The World Go 'Round
60%
9 Shoo-Be-Doo-Be-Doo-Da-Day
60%
4 We've Got A Good Thing Going
60%
10 You Can Cry On My Shoulder
60%
7 What Goes Around Comes Around
40%
8 In Our Small Way
20%
No matching quizzes found
Score Distribution
Percent of People with Each Score
Percentile by Number Answered
Your Score History
You have not taken this quiz